000 00316nam a2200133Ia 4500
005 20251222144753.0
008 251222s9999||||xx |||||||||||||| ||spa||
020 _a978-84-9788-214-9
082 _a025.84/C28P
100 _aCarreras Monfort, César
245 0 _aPatrimonio digital:
264 _bUOC
942 _cLIB
999 _c19416
_d19416